000 00594nam a2200181 a 4500
001 000010007
005 20200929161811.0
008 091002s1978 dr 000 p spa d
040 _aDO-SdBNP
_bspa
_cBNPHU
082 _aRD861.44
_bA577s
100 1 _aAndujar Susaña, Rafael
_924951
245 1 0 _aSuplica :
_bversos al Todopoderoso Dios /
_cRafael Andujar Susaña.
260 _aSanto Domingo :
_bCorporación Dominicana de Electricidad,
_c1978.
300 _a28 p. ;
_c22 cm.
650 4 _aPoesía religiosa dominicana
_924595
650 4 _aLiteratura religiosa dominicana
_9573
049 _aBNPD
999 _c9766
_d9766